|
|
|
|
| LEADER |
01168nam a22002897a 4500 |
| 001 |
33886 |
| 003 |
BD-DhAAL |
| 005 |
20211124120545.0 |
| 008 |
181023t2005 bg ||||| |||| 00| p eng d |
| 999 |
|
|
|c 40109
|d 40109
|
| 020 |
|
|
|a 9789870517466
|
| 020 |
|
|
|a 9840517465
|
| 040 |
|
|
|a BD-DhAAL
|
| 082 |
|
|
|2 22
|a 821
|
| 100 |
|
|
|a Amin, Seema Nusrat
|9 28576
|
| 245 |
|
|
|a Boot sole unbound :
|b by the wayside of mystery
|c Seema Nusrat Amin
|
| 260 |
|
|
|a Dhaka :
|b University Press Limited,
|c 2005
|
| 300 |
|
|
|a 31 pages :
|c 24 cm.
|
| 500 |
|
|
|a Poems.
|
| 526 |
|
|
|a ENH
|
| 541 |
|
|
|a Development Book Agency
|e 33886, 33887
|
| 650 |
|
|
|a Bangladeshi poetry (English)
|9 28585
|
| 650 |
|
|
|a English literature
|9 43043
|
| 852 |
|
|
|a Ayseha Abed Library
|c General Stacks
|
| 942 |
|
|
|2 ddc
|c BK
|
| 952 |
|
|
|0 0
|1 0
|2 ddc
|4 0
|6 821_000000000000000_AMI
|7 0
|9 64500
|a BRACUL
|b BRACUL
|c GEN
|d 2018-10-16
|e Development Book Agency
|g 135.00
|l 5
|m 26
|o 821 AMI
|p 3010033886
|r 2023-06-22
|s 2023-06-01
|t 1
|v 135.00
|w 2018-10-16
|y BK
|
| 952 |
|
|
|0 0
|1 0
|2 ddc
|4 0
|6 821_000000000000000_AMI
|7 0
|9 64501
|a BRACUL
|b BRACUL
|c GEN
|d 2018-10-16
|e Development Book Agency
|g 135.00
|l 0
|o 821 AMI
|p 3010033887
|r 2018-10-16
|t 2
|v 135.00
|w 2018-10-16
|y BK
|